| 000 | 00564nam a2200205 a 4500 | ||
|---|---|---|---|
| 005 | 20210219152828.0 | ||
| 008 | 991125n 000 0 spa u | ||
| 035 | _aUPN01000062675 | ||
| 100 | 1 | _aLeón Olivares, Bernardino | |
| 222 | 0 | _aCRISIS : REVISTA DE ANALISIS EDUCATIVO | |
| 245 | 0 | 0 | _aAcerca de la Educación Normal Superior |
| 260 | _aMéxico | ||
| 300 | _a46-61 | ||
| 362 | 0 | _a1980 Año 1, no. 2, ene.-mar. | |
| 653 | 0 | _aCURRICULUM | |
| 653 | 0 | _aEDUCACION NORMAL | |
| 653 | 0 | _aFORMACION DE MAESTROS | |
| 904 |
_aAC _b000486 |
||
| 905 | _aArticulo | ||
| 999 |
_c61799 _d61799 |
||